000 00405pab a2200157 454500
008 180718b2010 xxu||||| |||| 00| 0 eng d
100 _aMichel-Kerjan, Erwann O.
245 _aCatastrophe economics: The national flood insurance program
260 _c2010
300 _ap.165-186.
362 _aFall
650 _aFloods
773 _aJournal of Economic Perspectives
908 _aN
909 _a90149
999 _c90149
_d90149